<?xml version="1.0" encoding="UTF-8"?><?xml-stylesheet type="text/xsl" href="static/style.xsl"?><OAI-PMH xmlns="http://www.openarchives.org/OAI/2.0/" xmlns:xsi="http://www.w3.org/2001/XMLSchema-instance" xsi:schemaLocation="http://www.openarchives.org/OAI/2.0/ http://www.openarchives.org/OAI/2.0/OAI-PMH.xsd"><responseDate>2026-06-01T08:29:47Z</responseDate><request verb="GetRecord" identifier="oai:riuma.uma.es:10630/16557" metadataPrefix="marc">https://riuma.uma.es/rest/oai/request</request><GetRecord><record><header><identifier>oai:riuma.uma.es:10630/16557</identifier><datestamp>2026-02-03T12:27:43Z</datestamp><setSpec>com_10630_2254</setSpec><setSpec>col_10630_37959</setSpec></header><metadata><record xmlns="http://www.loc.gov/MARC21/slim" xmlns:dcterms="http://purl.org/dc/terms/" xmlns:doc="http://www.lyncode.com/xoai" xmlns:xsi="http://www.w3.org/2001/XMLSchema-instance" xsi:schemaLocation="http://www.loc.gov/MARC21/slim http://www.loc.gov/standards/marcxml/schema/MARC21slim.xsd">
   <leader>00925njm 22002777a 4500</leader>
   <datafield ind2=" " ind1=" " tag="042">
      <subfield code="a">dc</subfield>
   </datafield>
   <datafield ind2=" " ind1=" " tag="720">
      <subfield code="a">Moreno-Navas, Juan</subfield>
      <subfield code="e">author</subfield>
   </datafield>
   <datafield ind2=" " ind1=" " tag="720">
      <subfield code="a">Pulido, Ángel</subfield>
      <subfield code="e">author</subfield>
   </datafield>
   <datafield ind2=" " ind1=" " tag="720">
      <subfield code="a">García, Rodrigo</subfield>
      <subfield code="e">author</subfield>
   </datafield>
   <datafield ind2=" " ind1=" " tag="720">
      <subfield code="a">Delgado-Cabello, Javier</subfield>
      <subfield code="e">author</subfield>
   </datafield>
   <datafield ind2=" " ind1=" " tag="720">
      <subfield code="a">García-Lafuente, Jesús</subfield>
      <subfield code="e">author</subfield>
   </datafield>
   <datafield ind2=" " ind1=" " tag="720">
      <subfield code="a">García, Rodrigo</subfield>
      <subfield code="e">author</subfield>
   </datafield>
   <datafield ind2=" " ind1=" " tag="260">
      <subfield code="c">2018-10-01</subfield>
   </datafield>
   <datafield ind2=" " ind1=" " tag="520">
      <subfield code="a">The Port of Seville is an inland harbour located in the Guadalquivir Estuary some 80 km&#xd;
from the river mouth and is the unique Spanish inland port. Vessel traffic in the estuary is&#xd;
a relevant economic activity and a suitable trade-off between vessel draught and safety to&#xd;
prevent ship aground is required and to optimize the port operability. The Guadalquivir is&#xd;
a mesotidal estuary with tidal range of 2-3 m, an important fraction of the minimum depth&#xd;
of the navigation waterway (presently 6.5m). Upstream navigation is favoured around&#xd;
high water as the tide progresses at 12 knots, which is comparable to the vessel speed,&#xd;
thus allowing greater vessel draughts. Oceanwards navigation of heavy vessels, on the&#xd;
contrary, is hampered by the tide because a low water is unavoidably met when heading&#xd;
downstream.&#xd;
A 3D, high resolution hydrodynamic model has been implemented in the whole estuary to&#xd;
study the tidal propagation. The model is forced by the oceanic tide at the mouth and&#xd;
freshwater discharges controlled by an upstream dam at the head. It has been satisfactorily&#xd;
validated and predicts tidal oscillations with high accuracy (less than 4 cm in amplitude&#xd;
and 20 min in phase everywhere in the estuary). Based on the model outputs of tidal&#xd;
heights and currents and using present-day estuary bathymetry, a MATLAB application&#xd;
has been developed for shipping planning (Vessel Traffic Decision Support System,&#xd;
VTDSS). The application allows the final users to test different traffic scheduling&#xd;
scenarios in order to assess the effects on navigational patterns and explore possible&#xd;
management and policy scenarios under sea level rise and changes in tidal propagation. A&#xd;
description of the model and an overview of the VTDSS are presented here; the&#xd;
effectiveness as a decision support tool is demonstrated via the simulated navigation time&#xd;
of several vessels.</subfield>
   </datafield>
   <datafield ind1="8" ind2=" " tag="024">
      <subfield code="a">https://hdl.handle.net/10630/16557</subfield>
   </datafield>
   <datafield tag="653" ind2=" " ind1=" ">
      <subfield code="a">Puertos</subfield>
   </datafield>
   <datafield ind2="0" ind1="0" tag="245">
      <subfield code="a">Modeling changes in the tidal propagation and its implication for vessel navigation in Guadalquivir estuary ( Spain)</subfield>
   </datafield>
</record>
</metadata></record></GetRecord></OAI-PMH>